000 00717nam a2200217 a 4500
001 3014
005 20140414131933.0
008 060119s19uu xx 00 eng d
020 _a0-590-49461-9
050 _aREF 413.1
_bY8 1994
100 _aYoung, Sue
245 _aThe Scholastic rhyming dictionary :
_cby Sue Young.
_bover 15,000 words /
260 _aNew York :
_bScholastic,
_c1998.
300 _a212 p. ; cm.
500 _aIncludes index
520 _aEasy to use rhyming source for writing poetry, rap, slogans, songs, greeting cards and stories.
650 _aSpecialized dictionary.
650 _aSpelling
_xJuvenile literature.
650 _aPronounciation
_xJuvenile literature.
999 _c112312
_d112312